000 00496nam a2200169Ia 4500
008 220204s9999 xx 000 0 und d
020 _a8186397825
082 _a58=573.14
_bMAN.1
100 _aManilal, KS
245 0 _aVan Reedinte Hortus Malabaricus (Malabar poonthottam): Malayalam pathippu.(12 volumes). Vol 1
250 _aMalayalam
260 _aThiruvanathapuram
_bUniversity of Kerala
_c2008
300 _a238p.
650 _aBotanical name
650 _aKerala plants
942 _cBK
999 _c43233
_d43233